Physics : principles with applications
| Main Author: | |
|---|---|
| Format: | Book |
| Published: |
New Jersey :
Pearson Educations ,
2005
|
| Edition: | 6th ed. |
| Subjects: |
MARC
| LEADER | 00000cam a2200000 7i4500 | ||
|---|---|---|---|
| 001 | 0000028771 | ||
| 005 | 20100107.0 | ||
| 008 | 100107 | ||
| 020 | |a 0131846612 | ||
| 090 | 0 | 0 | |a 530 |b GIA |
| 100 | 1 | |a Giacoli, Douglas C. | |
| 245 | 1 | 0 | |a Physics : |b principles with applications |c Douglas C. Giancoli |
| 250 | |a 6th ed. | ||
| 260 | |a New Jersey : |b Pearson Educations , |c 2005 | ||
| 650 | 0 | |a Physics | |
| 999 | |a 0001061883 |b Book |c REFERENCE |e Perbadanan Perpustakaan Awam Johor | ||